000
00456nam a2200181Ia 4500
008
090124s9999 xx 000 0 und d
082
_b
11163
_a
646
100
_a
सोवनी म.वि.
245
_a
जलवंती
250
_a
1
260
_c
1960
300
_a
40
600
_a
सोवनी म.वि.
630
_a
जलवंती
700
_a
सोवनी म.वि.
730
_a
जलवंती
942
_c
BOOK
999
_c
125319
_d
125319